Normal view
MARC view
- ISLAMIC BOMB-ZAHID MALIK
Entry Topical Term
001 - CONTROL NUMBER
- control field: 76661
003 - CONTROL NUMBER IDENTIFIER
- control field: NUST
005 - DATE AND TIME OF LATEST TRANSACTION
- control field: 20210628205703.0
008 - FIXED-LENGTH DATA ELEMENTS
- fixed length control field: 210628|| aca||aabn | a|a d
040 ## - CATALOGING SOURCE
- Original cataloging agency: NUST
- Transcribing agency: NUST
150 ## - HEADING--TOPICAL TERM
- Topical term or geographic name entry element: ISLAMIC BOMB-ZAHID MALIK
670 ## - SOURCE DATA FOUND
- Source citation: Work cat.: (NUST): Zahid Malik 9300, Doctor abdul qadeer aur islami bomb ghouri missile say chagi tak, 1998
